| 000 | 01016nam a22002057a 4500 | ||
|---|---|---|---|
| 999 |
_c59523 _d59523 |
||
| 003 | Ge_BSU | ||
| 005 | 20230309115446.0 | ||
| 008 | 230309s2003 ge ||||| |||| 00| 0 geo d | ||
| 041 | _ageo | ||
| 080 | _a327.7:339.32 ქ-30 | ||
| 100 |
_aქარუმიძე, ვახტანგ _916939 |
||
| 245 |
_aსაერთაშორისო ორგანიზაციები : _b[სახელმძღვ. სახ. უნ-ტის სტუდ.] / _cვახტანგ ქარუმიძე; [რედ.: ომარ გოგიაშვილი]. |
||
| 250 | _aმე-3 გამოც. (შევს., შესწ.). | ||
| 264 |
_aთბილისი : _bცოდნა, _c2003. |
||
| 300 |
_a415 გვ. ; _b20 სმ. |
||
| 504 | _aბიბლიოგრ.: გვ. 392-393. | ||
| 653 | _aსაერთაშორისო ორგანიზაციები | ||
| 700 |
_aოგიაშვილი, ომარ _eრედაქტორი _917142 |
||
| 942 |
_2udc _cBK |
||